000 00806nam a2200253Ia 4500
003 OSt
005 20220923211620.0
006 a|||||r|||| 00| 0
007 ta
008 220922b |||||||| |||| 00| 0 hin d
024 _a11,530
037 _cTextual
040 _aARTS
_cARTS
_bhin
041 _2hin
_ahin
082 _aDelta2xM31,3, 152L8
100 _aरजनीश
245 0 _aज्योति से ज्योति जले
246 _aJyoti se jyoti jale
260 _aपूना
_b रजनीश फॉउन्डेशन
_c1978
300 _a665पृ.
_ccm.
650 _aआध्यात्मिक अनुभव और रहस्यवाद
942 _hDelta2xM31,3, 152L8
_cTEXL
_2CC
999 _c301477
_d301477